| 000 | 00896nam a22002532 4500 | ||
|---|---|---|---|
| 001 | 0000020989 | ||
| 005 | 20151021152602.0 | ||
| 008 | 120106s xx 000 0 eng d | ||
| 020 | _a8131503300 : | ||
| 040 |
_aKABU _cKABU |
||
| 100 | 1 |
_aTrieschmann, James S. _@0000181648 |
|
| 245 | 1 | 0 |
_aRisk management and insurance / _cJames S. Trieschmann, Robert E. Hoyt, David W. Sommer. |
| 250 | _a12th ed. | ||
| 260 |
_aNew Delhi : _bCengage, _c2005. |
||
| 300 | _a1 v. (various pagings) ; | ||
| 650 | 0 |
_aInsurance _zUnited States. _@0000181649 |
|
| 650 | 0 |
_aRisk management _zUnited States. _@0000177873 |
|
| 700 | 1 |
_aHoyt, Robert E. _@0000181650 |
|
| 700 | 1 |
_aSommer, David W. _@0000181651 |
|
| 852 | 1 | _9p1550 KES | |
| 852 | 1 | _9p1550 KES | |
| 908 | _a120106 | ||
| 950 | _@1 | ||
| 999 |
_c1577 _d1577 |
||